000 00440nmm a2200145Ia 4500
008 251105s9999||||xx |||||||||||||||||und||
041 _aspa
100 _aMartínez Marrero, Emilio
245 0 _aManual de prácticas del Sistema cardiovascular
264 _a[Bogotá, Colombia] :
_bUniversidad del Norte,
_c2020
300 _a74 páginas
650 _aMedicine
856 _uhttps://public.digitaliapublishing.com/a/68551
942 _cCF
999 _c106835
_d106835